1956 1306 1871 1115 1981 1760 1535 1600 1968 1865 1511 1772 1661 1169 1600 1251 1639 1147 1724 1699 1251 1019 1958 1605 1290 1377 1524 1337 1213 1122 1423 1368 1932 1571 1779 1359 1727 1815 1998 1610 1891 1088 1135 1599 1933 1161 1094 1416 1045 1681 1255 1854 1417 1667 1088 1702 1263 1393 1217 1747 1714 1504 1439 1834 1908 1309 1554 1145 1831 1386 1089 1898 1880 1752 1282 1245 1407 1804 1671 1330 1153 1741 1802 1679 1700 1552 1153 1142 1740 1129 1392 1018 1124 1645 1461 1373 1615 1320 1001 BCNSPRNW ULIB Ver.6.0+V

เปลี่ยนเป็นภาษาไทย

Change to English
 แสดงรายละเอียดบรรณานุกรม
  กลับหน้าหลัก

Brief Record : Get Marc (ISO 2709) : E-mail record : QR code < ปิดหน้าต่าง
LEADER : 00000nam 2200000uu 4500
001    13399121590
003     ULIB
008    121126s2552||||th 000 0 tha d
020    ^a9786119006638
060  4 ^aWT100^bส899ส
100 0  ^aเสนอ อินทรสุขศรี
245 00 ^aสุขอนามัยผู้สูงอายุวัยกับการดำรงชีพอย่างมีความสุข^cเสนอ อินทรสุขศรี
246 0  ^aหนังสือเพื่อสุขภาพของบุคคลที่เคารพรัก สุขอนามัยผู้สูงอายุวัยกับการดำรงชีพอย่างมีความสุข
250    ^aพิมพ์ครั้งที่ 6
260    ^aกรุงเทพฯ:^bพิมพ์ทอง,^c2552
300    ^a424 หน้า:^bภาพประกอบ.
650  7 ^aโรค^xผู้สูงอายุ
945    ^p299^l0^i16442
945    ^p299^l0^i16443
995    ^aวิภา
999 ^a ใช้งานได้ทุกระบบ
รายการนี้ยังไม่มีแท็ก
คุณยังไม่ได้ล็อกอิน คุณสามารถมีกิจกรรมร่วมกับเว็บไซต์ได้ แต่ต้องล็อกอินก่อน ::
  ล็อกอิน

รายการสื่อสารสนเทศ

ลำดับที่ ประเภท เลขเรียก/บาร์โค้ด สถานที่ สถานะ
- ไม่พบข้อมูล -

รายการใกล้เคียง
    ผู้แต่ง [เสนอ อินทรสุขศรี]

BibComment


ยังไม่เคยถูกคอมเมนท์

คอมเมนท์ทรัพยากรรายการนี้
  คอมเมนท์: สุขอนามัยผู้สูงอ..


 Copyright 2026. Bcnsprnw @Library